[Event "Thessaloniki-Chalkidiki CupT final"]
[Site "Thessaloniki"]
[Date "2023.05.28"]
[Round "2"]
[White "Tsilias, Nikolaos"]
[Black "Gouloutis, Nikolaos"]
[Result "0-1"]
[WhiteElo "1957"]
[BlackElo "2309"]
[PlyCount "100"]
[EventDate "2023.05.27"]
[EventType "team-k.o."]
[EventRounds "2"]
[EventCountry "GRE"]
[SourceTitle "EXT 2024"]
[Source "ChessBase"]
[SourceDate "2023.10.10"]
[SourceVersion "1"]
[SourceVersionDate "2023.10.10"]
[SourceQuality "1"]
[WhiteTeam "Kalamarias SO"]
[BlackTeam "Thessaloniki Aris"]
[WhiteTeamCountry "GRE"]
[BlackTeamCountry "GRE"]

1. Nf3 Nf6 2. b3 d5 3. Bb2 Bg4 4. e3 Nbd7 5. Be2 c6 6. 0-0 Bxf3 7. Bxf3 e5 8. c4 e4 9. Be2 dxc4 10. bxc4 Bd6 11. d4 exd3 12. Qxd3 Qc7 13. h3 0-0-0 14. Nd2 Bh2+ 15. Kh1 Be5 16. Rab1 g6 17. Qc2 Nc5 18. Nf3 Bxb2 19. Rxb2 Nfe4 20. Kg1 Rhe8 21. Nd4 Qe5 22. Bf3 f5 23. Bxe4 Qxe4 24. Nf3 Qd3 25. Qc1 Qa3 26. Qb1 Rd3 27. Ne1 Rc3 28. Nc2 Qa4 29. Rd1 Rxc4 30. Rd4 Rd8 31. Rxd8+ Kxd8 32. Nd4 Qa3 33. Kh2 Kc8 34. Nb3 Ne4 35. Rc2 Qd6+ 36. Kg1 Qd3 37. Rb2 Qxb1+ 38. Rxb1 Rc2 39. f3 Nc3 40. Re1 Rxa2 41. Nd4 Kd7 42. h4 c5 43. Nb3 b6 44. Kh2 Rb2 45. Nc1 Rb1 46. h5 c4 47. h6 Na2 48. Rd1+ Ke7 49. Kg3 Rxc1 50. Rd4 Nc3 0-1

[Event "Thessaloniki Novidis op 8th"]
[Site "Thessaloniki"]
[Date "2019.06.17"]
[Round "4"]
[White "Tsilias, Nikolaos"]
[Black "Orfanidis, Kyriakos"]
[Result "1-0"]
[WhiteElo "1977"]
[BlackElo "1090"]
[PlyCount "69"]
[EventDate "2019.06.14"]
[EventType "swiss"]
[EventRounds "7"]
[EventCountry "GRE"]
[SourceTitle "EXT 2020"]
[Source "ChessBase"]
[SourceDate "2019.10.17"]
[SourceVersion "1"]
[SourceVersionDate "2019.10.17"]
[SourceQuality "1"]

1. e4 d5 2. exd5 Qxd5 3. Nc3 Qa5 4. d4 Nf6 5. Bc4 Bf5 6. Nge2 e6 7. 0-0 c6 8. Re1 Bd6 9. Ng3 Bxg3 10. hxg3 0-0 11. a3 Nbd7 12. b4 Qd8 13. Bb2 Nb6 14. Bb3 a5 15. b5 a4 16. Ba2 Qd7 17. Qe2 Qxd4 18. Rab1 Qc5 19. Nd1 Nbd5 20. c4 Bxb1 21. Bxb1 Ne7 22. g4 cxb5 23. cxb5 Rfd8 24. Nc3 Ng6 25. Qf3 Rd2 26. g5 Rxb2 27. gxf6 Rb3 28. Qxb7 Rc8 29. Nxa4 Qc7 30. Qxc7 Rxc7 31. b6 Rc4 32. Ba2 Rxa3 33. Bxc4 Rxa4 34. b7 Rb4 35. Ba6 1-0

[Event "Thessaloniki Novidis op 8th"]
[Site "Thessaloniki"]
[Date "2019.06.16"]
[Round "3"]
[White "Stoimenidis, Dimitrios"]
[Black "Tsilias, Nikolaos"]
[Result "0-1"]
[WhiteElo "1664"]
[BlackElo "1977"]
[PlyCount "144"]
[EventDate "2019.06.14"]
[EventType "swiss"]
[EventRounds "7"]
[EventCountry "GRE"]
[SourceTitle "EXT 2020"]
[Source "ChessBase"]
[SourceDate "2019.10.17"]
[SourceVersion "1"]
[SourceVersionDate "2019.10.17"]
[SourceQuality "1"]

1. e4 c5 2. Nf3 e6 3. d4 cxd4 4. Nxd4 Nc6 5. Nb5 d6 6. c4 a6 7. N5c3 Nf6 8. Na3 Be7 9. Be2 0-0 10. 0-0 b6 11. Be3 Bb7 12. Qb3 Nd7 13. Rfd1 Qc7 14. f3 Rac8 15. Rac1 Nc5 16. Qc2 Qb8 17. Qd2 Rfd8 18. Nc2 Ba8 19. b4 Nd7 20. f4 Nf6 21. Bf3 d5 22. exd5 Nxb4 23. Qf2 Nxc2 24. Rxc2 Rxc4 25. Rb1 b5 26. dxe6 fxe6 27. Rbc1 Bxf3 28. Qxf3 Rd3 29. Nd1 Qd6 30. Rxc4 bxc4 31. Nb2 Rxe3 32. Qxe3 Nd5 33. Nxc4 Nxe3 34. Nxd6 Bxd6 35. Rc6 Bxf4 36. Rxe6 a5 37. Re4 Nd5 38. Kf2 Kf7 39. g3 Bd2 40. Re2 Bb4 41. Kf3 Kf6 42. h3 h5 43. Rb2 Ke5 44. g4 h4 45. g5 Kf5 46. Rb3 Nc7 47. Rd3 Kxg5 48. a3 Be1 49. Ke2 Bg3 50. Rd8 g6 51. Kd3 Kf6 52. Kc4 g5 53. Rh8 Ne6 54. Kb5 Be1 55. Rc8 Nf4 56. Rc1 Nxh3 57. Rxe1 g4 58. Kxa5 g3 59. Kb6 g2 60. a4 g1Q+ 61. Rxg1 Nxg1 62. a5 h3 63. a6 h2 64. Ka7 h1Q 65. Kb8 Qh2+ 66. Kb7 Qg2+ 67. Kb8 Qg3+ 68. Kb7 Qf3+ 69. Kb8 Qf4+ 70. Kb7 Qe4+ 71. Kb8 Qe5+ 72. Kb7 Qb5+ 0-1

[Event "Thessaloniki-Chalkidiki-chT B local"]
[Site "Thessaloniki"]
[Date "2019.02.17"]
[Round "5.4"]
[White "Tsilias, Nikolaos"]
[Black "Palaskos, Marios"]
[Result "0-1"]
[WhiteElo "1962"]
[BlackElo "1777"]
[PlyCount "78"]
[EventDate "2019.01.13"]
[EventType "team-swiss"]
[EventRounds "9"]
[EventCountry "GRE"]
[SourceTitle "EXT 2020"]
[Source "ChessBase"]
[SourceDate "2019.10.17"]
[SourceVersion "1"]
[SourceVersionDate "2019.10.17"]
[SourceQuality "1"]

1. e4 d5 2. exd5 Qxd5 3. Nf3 Bg4 4. Be2 Nc6 5. 0-0 0-0-0 6. d3 e5 7. Nc3 Qd7 8. a3 f5 9. b4 Nf6 10. Bg5 Qf7 11. b5 Bxf3 12. Bxf3 Nd4 13. Be3 h6 14. Bxd4 exd4 15. Ne2 g5 16. g3 Rg8 17. Bg2 f4 18. Kh1 Qh5 19. Ng1 g4 20. gxf4 Bd6 21. Ne2 Qh4 22. Ng3 Bxf4 23. Kg1 Nh5 24. Re1 Bd6 25. Re4 Rdf8 26. Qd2 Nf4 27. Rf1 h5 28. Rxd4 Nxg2 29. Kxg2 Qh3+ 30. Kg1 h4 31. Re1 hxg3 32. fxg3 Bxg3 33. Rd1 Bf2+ 34. Qxf2 Rxf2 35. Kxf2 Rf8+ 36. Ke2 Qg2+ 37. Ke3 Qf2+ 38. Ke4 Rf4+ 39. Ke5 Qxd4+ 0-1

[Event "Thessaloniki-Chalkidiki CupT"]
[Site "Thessaloniki"]
[Date "2019.02.09"]
[Round "1.3"]
[White "Hosseini Tambatambai, Areios"]
[Black "Tsilias, Nikolaos"]
[Result "1/2-1/2"]
[WhiteElo "1504"]
[BlackElo "1837"]
[PlyCount "118"]
[EventDate "2019.02.09"]
[EventType "team-swiss"]
[EventRounds "5"]
[EventCountry "GRE"]
[SourceTitle "EXT 2021"]
[Source "ChessBase"]
[SourceDate "2020.10.23"]
[SourceVersion "1"]
[SourceVersionDate "2020.10.23"]
[SourceQuality "1"]

1. e4 c5 2. Nf3 e6 3. b3 d6 4. Bb2 Nf6 5. Bb5+ Nbd7 6. e5 dxe5 7. Nxe5 a6 8. Nxd7 Nxd7 9. Be2 Bd6 10. Nc3 Qc7 11. Ne4 Be5 12. Bxe5 Qxe5 13. Ng3 b6 14. 0-0 Bb7 15. Bf3 Bxf3 16. Qxf3 0-0 17. c3 Nf6 18. Rfe1 Qd5 19. Qe2 Rfd8 20. Rad1 Qd3 21. Ne4 Nxe4 22. Qxe4 Ra7 23. Qxd3 Rxd3 24. Re3 Rd6 25. Kf1 Rad7 26. Ke2 f6 27. f4 Kf7 28. Re4 Rd3 29. Re3 R3d5 30. Re4 e5 31. fxe5 fxe5 32. c4 Rd4 33. Rxe5 Rf4 34. d3 Rd6 35. Re3 Rdf6 36. Rf3 Rxf3 37. gxf3 Rh6 38. Rh1 Ke6 39. Ke3 Kf5 40. d4 cxd4+ 41. Kxd4 Kf4 42. Kd5 g5 43. b4 Kxf3 44. c5 Kg2 45. Re1 bxc5 46. bxc5 Kxh2 47. c6 Rg6 48. c7 Rg8 49. Re6 g4 50. Rh6+ Kg2 51. Rxh7 g3 52. Kc6 Kf2 53. Kb7 g2 54. Rh2 a5 55. c8Q Rxc8 56. Kxc8 Kf3 57. Rxg2 Kxg2 58. a4 Kf3 59. Kb7 Ke4 1/2-1/2

[Event "Mem Stavros Skondras 1st A"]
[Site "Thessaloniki"]
[Date "2014.10.18"]
[Round "7.4"]
[White "Tsilias, Nikolaos"]
[Black "Hadzimanolis, Antonios"]
[Result "1/2-1/2"]
[WhiteElo "1949"]
[BlackElo "2251"]
[PlyCount "39"]
[EventDate "2014.10.03"]
[EventType "swiss"]
[EventRounds "7"]
[EventCountry "GRE"]
[SourceTitle "EXT 2024"]
[Source "ChessBase"]
[SourceDate "2023.10.10"]
[SourceVersion "1"]
[SourceVersionDate "2023.10.10"]
[SourceQuality "1"]

1. e4 e5 2. Nf3 Nc6 3. Nc3 Nf6 4. Bb5 Bb4 5. 0-0 0-0 6. d3 Bxc3 7. bxc3 Qe7 8. a4 Nd8 9. Bc4 d6 10. h3 Be6 11. Bb3 Nc6 12. Nh2 Nd7 13. f4 exf4 14. Rxf4 Nce5 15. Nf1 Ng6 16. Rf2 Nc5 17. Ng3 Qd7 18. d4 Nxb3 19. cxb3 f6 20. c4 1/2-1/2